| 000 | 00755nam a2200217 a 4500 | ||
|---|---|---|---|
| 005 | 20140412111334.0 | ||
| 008 | 040308s19uu xx 00 eng d | ||
| 020 | _a0-590-37998-4 | ||
| 050 |
_aER _bBo63 1998 |
||
| 100 | _aJohntson, Tony | ||
| 245 |
_aBoo! A ghost story that could be true / _cby Tony Johnston, ; illustrated by Carolyn Croll. |
||
| 260 |
_aNew York : _bScholastic Inc, _c1998. |
||
| 300 | _a1 v. (unp.) ; ill. | ||
| 440 | _aHello Reader, Level 4 | ||
| 520 | _aWhile reading about the ghost of Old Clara Clabber, a farmer hears spooky noises and lets his imagination get ouot of hand. | ||
| 650 | _aGhosts--Fiction | ||
| 650 | _aImagination--Fiction | ||
| 650 | _aFear--Fiction | ||
| 650 | _aFarmers--Fiction | ||
| 999 |
_c105008 _d105008 |
||